Central Library OPAC University of Rajshahi

Management goals: (Record no. 15796)

MARC details
000 -LEADER
fixed length control field 00689nam a22002411 4500
001 - CONTROL NUMBER
control field 15796
003 - CONTROL NUMBER IDENTIFIER
rucl marc code BD-RjUL
005 - DATE AND TIME OF LATEST TRANSACTION
control field 20211208235904.0
008 - FIXED-LENGTH DATA ELEMENTS--GENERAL INFORMATION
fixed length control field 140210r19721970ilu 001 0 eng d
035 ## - SYSTEM CONTROL NUMBER
System control number (BD-RjUL)15851
040 ## - CATALOGING SOURCE
Original cataloging agency DLC
Transcribing agency DLC
Modifying agency DLC
-- BD-RjUL
Language of cataloging eng
041 ## - LANGUAGE CODE
Language code of text/sound track or separate title eng
082 00 - DEWEY DECIMAL CLASSIFICATION NUMBER
Classification number 658
Author mark and year MAM 1972
100 1# - MAIN ENTRY--PERSONAL NAME
Personal name Marvin, Philip Roger,
Dates associated with a name 1916-
9 (RLIN) 48991
245 10 - TITLE STATEMENT
Title Management goals:
Remainder of title guidelines and accountability /
Statement of responsibility, etc. by Philip Marvin.
260 ## - PUBLICATION, DISTRIBUTION, ETC. (IMPRINT)
Place of publication, distribution, etc. Homewood, Ill. :
Name of publisher, distributor, etc. Dow Jones-Irwin,
Date of publication, distribution, etc. 1968. [Reprinted 1972]
300 ## - PHYSICAL DESCRIPTION
Pagination xiii, 193 p. ;
Size 24 cm.
350 ## - PRICE (NR) (BK AM CF MU VM SE) [OBSOLETE]
Price 6.95
650 #0 - SUBJECT ADDED ENTRY--TOPICAL TERM
Topical term or geographic name as entry element Management.
9 (RLIN) 48992
942 ## - ADDED ENTRY ELEMENTS (KOHA)
Source of classification or shelving scheme Dewey Decimal Classification
Koha item type Books
Holdings
Lost status Source of classification or shelving scheme Damaged status Not for loan Collection code Permanent Location Current Location Shelving location Date acquired Source of acquisition Cost, normal purchase price Total Checkouts Full call number Date last seen Copy number Koha item type
  Dewey Decimal Classification   Not For Loan Non-fiction Central Library, University of Rajshahi Central Library, University of Rajshahi Reading Room 29/11/1983 N/A 0.00   658 MAM 1972 10/02/2014 C-1 Books
  Dewey Decimal Classification     Non-fiction Central Library, University of Rajshahi Central Library, University of Rajshahi   29/11/1983       658 MAM 1972 29/04/2019 C-2 Books